000
00263nam a22001217a 4500
999
_c
261539
_d
261538
020
_a
9780689818769
100
_a
Andrew Clements
245
_a
Frindle
260
_a
New York
_b
Simon and Schuster
_c
1996
300
_a
109 pgs
490
_a
Clements
942
_c
BK